Hotely - body - kupóny

Informácie o predaji kupónových akcií z niektorých českých privatizovaných podnikov (hotelov, kúpeľov a sanatórií). Tabuľkové spracovanie ponuky a dopytu akcií v jednotlivých privatizačných kolách prvej vlny kupónovej privatizácie.

Saved in:
Bibliographic Details
Format: Book Chapter
Language:Czech
Subjects:
Tags: Add Tag
No Tags, Be the first to tag this record!

MARC

LEADER 00000naa a2200000 4500
001 r016153
005 20221205080016.2
041 0 |a cze 
044 |a CZ 
245 1 0 |a Hotely - body - kupóny 
520 |a Informácie o predaji kupónových akcií z niektorých českých privatizovaných podnikov (hotelov, kúpeľov a sanatórií). Tabuľkové spracovanie ponuky a dopytu akcií v jednotlivých privatizačných kolách prvej vlny kupónovej privatizácie. 
610 2 0 |a ruch cestovný 
610 2 0 |a hotely 
610 2 0 |a hotelierstvo 
610 2 0 |a kúpele 
610 2 0 |a podnik ruchu cestovného 
610 2 0 |a akcie